15 Biggest US States by GDP - Statistics

General Stats
  • This quiz has been taken 64 times
  • The average score is 14 of 15
Answer Stats
Hint Answer % Correct
3.35T$ California
100%
1.22T$ Florida
100%
1.85T$ New York
100%
1.98T$ Texas
100%
683B$ Georgia
96%
938B$ Illinois
95%
654B$ North Carolina
95%
568B$ Michigan
93%
736B$ Ohio
93%
839B$ Pennsylvania
93%
667B$ Washington
93%
636B$ Massachusetts
91%
591B$ Virginia
86%
672B$ New Jersey
84%
438B$ Maryland
82%
No matching quizzes found
Score Distribution
Percent of People with Each Score
Percentile by Number Answered
Your Score History
You have not taken this quiz